Úspešnosť umiestňovania absolventov škôl na trhu práce
Absolventi v školskom roku 1999/2000 podľa štatistík MŠ SR. Prehľad absolventov podľa jednotlivých typov škôl. Vysoké školy. Stredné odborné školy. Gymnáziá. Stredné odborné učilištia. Úspešnosť umiestňovania absolventov podľa jednotlivých typov stredných škôl v rôznych regiónoch. Závislosť úspešnos...
Saved in:
| Main Author: | |
|---|---|
| Format: | Book Chapter |
| Language: | Slovak |
| Subjects: | |
| Tags: |
No Tags, Be the first to tag this record!
|
MARC
| LEADER | 00000naa a2200000 4500 | ||
|---|---|---|---|
| 001 | r043534 | ||
| 005 | 20231004090936.8 | ||
| 041 | 0 | |a slo | |
| 044 | |a CZ | ||
| 245 | 1 | 0 | |a Úspešnosť umiestňovania absolventov škôl na trhu práce |c Rastislav Kočan |
| 520 | |a Absolventi v školskom roku 1999/2000 podľa štatistík MŠ SR. Prehľad absolventov podľa jednotlivých typov škôl. Vysoké školy. Stredné odborné školy. Gymnáziá. Stredné odborné učilištia. Úspešnosť umiestňovania absolventov podľa jednotlivých typov stredných škôl v rôznych regiónoch. Závislosť úspešnosti škôl od podmienok regionálneho trhu práce. Poľnohospodárske školy. | ||
| 610 | 2 | 0 | |a trh práce |
| 610 | 2 | 0 | |a absolventi |
| 610 | 2 | 0 | |a školy vysoké |
| 610 | 2 | 0 | |a školy stredné odborné |
| 610 | 2 | 0 | |a učilištia odborné stredné |
| 610 | 2 | 0 | |a regióny |
| 610 | 2 | 0 | |a Slovensko |
| 610 | 2 | 0 | |a údaje štatistické |
| 610 | 2 | 0 | |a 1999-2000 |
| 100 | 1 | |a Kočan, Rastislav | |